Transposing Instruments - Sudden Death - Statistics

General Stats
  • This quiz has been taken 45 times
  • The average score is 5 of 10
Answers on the Grid
Answers color-coded by a green-red scale on the quiz's grid according to % correct below.
Alto Flute
Alto Saxophone
Bass Clarinet
Bugle
Clarinet
English horn
Flute
French Horn
Hurdy-gurdy
Harp
Marimba
Oboe
Piano
Recorder
Soprano Saxophone
Steel drum
Tenor Saxophone
Triangle
Trombone
Trumpet
Tuba
Ukulele
Vibraphone
Violin
 
Answer Stats
Answer % Correct
Bass Clarinet
72%
Alto Saxophone
69%
Alto Flute
66%
Clarinet
62%
English horn
55%
French Horn
52%
Soprano Saxophone
45%
Trumpet
45%
Bugle
38%
Tenor Saxophone
38%
No matching quizzes found
Score Distribution
Percent of People with Each Score
Percentile by Number Answered
Your Score History
You have not taken this quiz